[Dictionarium Concionatorum Pauperum Auctoris Incogniti Dictionarivm Concionatorvm Pavpervm Avctoris Incogniti] [In Qvo Materiae Omnes Concionatoribvs Pernecessariae Ad Totivs Anni Epistolas & Evangelia]

Bibliographic Details
Main Author: Ridolfi, Pietro, 1536-1601 (Author)
Corporate Author: Quentel, Arnold (Kolín nad Rýnom, Nemecko) (Printer)
Other Authors: Quentel, Arnold, zomrel 1621 (Printer)
Format: Book
Language:Latin
PhysicalDescription:685, [132] strán 16 cm
Published: [Coloniae] [Apud Arnoldum Quentelium] [Anno M. DC. XIX.] [=1619]
Subjects:

MARC

LEADER 00000nam a2200000 a 4500
001 vtls011742331
003 SK-MaSNL
005 20260302054022.0
008 251112s1619 gw 001 0 lat
015 |a SNBHFA1619 
035 |a E09E50AA-9AB3-48E0-8CD7-06AA65915CD9 
035 |a urn:nbn:sk:snk-am3ibx0 
035 |a urn:nbn:sk:snk-am00e2cs 
040 |a SNKHF  |b slo  |c SNK  |e AACR2 
041 0 |a lat 
044 |a gw  |c DE 
072 7 |a 2  |x Náboženstvo  |2 konspekt 
072 7 |a 27  |x Kresťanstvo. Kresťanská cirkev všeobecne. Ekleziológia  |2 konspekt 
080 |a 21/29-1/-9  |2 2011 
080 |a 27  |2 2011 
080 |a 2-1  |2 2011 
080 |a 272-184.3  |2 2001 
100 1 |a Ridolfi, Pietro,  |d 1536-1601  |4 aut  |9 174777 
245 1 0 |a [Dictionarium Concionatorum Pauperum Auctoris Incogniti Dictionarivm Concionatorvm Pavpervm Avctoris Incogniti]  |b [In Qvo Materiae Omnes Concionatoribvs Pernecessariae Ad Totivs Anni Epistolas & Evangelia]  |c [A. F. P Rodvlphio a Tos. signano Franciscano, etenebris erutum] 
260 |a [Coloniae]  |b [Apud Arnoldum Quentelium]  |c [Anno M. DC. XIX.] [=1619] 
300 |a 685, [132] strán  |c 16 cm 
500 |a Živé záhlavie, typografické vlysy, iniciálky na 2 r. bez pozadia 
504 |a Index 
546 |a Latinčina  |b Antikva 
550 |a Titulný list doplnený podľa Bayerische StaatsBibliothek 
561 |a Z knižnice Učenej spoločnosti malohontskej.  |5 SNK ID 100094 
561 |a Neidentifikovateľný posesorský záznam na s. 685.  |5 SNK ID 100094 
562 |a Chýbajúci titulný list a začiatočných 176 strán z diela.  |5 SNK ID 100094 
562 |a Rukopisné poznámky v latinčine v texte, rukopisný záznam na 3 s. pred zachovaným textom obsahujúci index.  |5 SNK ID 100094 
563 |a Chrbát väzby z pergamenu.  |5 SNK ID 100094 
650 0 7 |a teológia  |2 SNKPH  |9 1814 
650 0 7 |a katolícka viera  |2 SNKPH  |9 4023 
700 1 |a Quentel, Arnold,  |d zomrel 1621  |4 prt  |9 197846 
710 2 |a Učená spoločnosť malohontská  |4 fmo  |9 205374 
710 0 |a Quentel, Arnold (Kolín nad Rýnom, Nemecko),  |d 1595-1621  |4 prt  |9 352524 
752 |a Nemecko  |d Kolín nad Rýnom 
852 |a snk  |b Historické fondy  |p ID 100094 
958 |a ONDV 
999 |c 1111751  |d 1113681 
952 |t MHC II.B.f.9  |a SNK  |b SNK  |c SNK_HF  |y PREZ  |7 0  |p 17A1299715  |o snkID 100094  |i snk2018/4389  |8 5  |0 0  |1 0  |4 0  |d 2018-02-19  |f 1  |l 0  |r 2026-02-24 18:03:53  |w 2026-02-24